China's expansion into the western hemisphere implications for Latin America and the United States /

"Analyzes the history and motivations of U.S.-China-Latin America relationship. Focuses on China's growing economic ties to the region, including Latin America's role in China's search for energy resources. Highlights the geopolitical implications of Chinese hemispheric policy an...

Full description

Bibliographic Details
Corporate Author: ProQuest (Firm)
Other Authors: Roett, Riordan, 1938-, Paz, Guadalupe, 1970-
Format: Electronic eBook
Language:English
Published: Washington, D.C. : Brookings Institution Press, c2008.
Subjects:
Online Access:Click to View
LEADER 02860nam a2200433 a 4500
001 EBC1069046
003 MiAaPQ
005 20200520144314.0
006 m o d |
007 cr cn|||||||||
008 071123s2008 dcua sb 001 0 eng
010 |z  2007048434 
020 |z 9780815775539 (pbk. : alk. paper) 
020 |z 0815775539 (pbk. : alk. paper) 
035 |a (MiAaPQ)EBC1069046 
035 |a (Au-PeEL)EBL1069046 
035 |a (CaPaEBR)ebr10224503 
035 |a (OCoLC)818846690 
040 |a MiAaPQ  |c MiAaPQ  |d MiAaPQ 
043 |a a-cc---  |a n-us---  |a nl----- 
050 4 |a HF1604.Z4  |b U636 2008 
082 0 4 |a 337.5107  |2 22 
245 0 0 |a China's expansion into the western hemisphere  |h [electronic resource] :  |b implications for Latin America and the United States /  |c Riordan Roett, Guadalupe Paz, editors. 
260 |a Washington, D.C. :  |b Brookings Institution Press,  |c c2008. 
300 |a viii, 276 p. :  |b ill. 
504 |a Includes bibliographical references and index. 
505 0 |a Introduction : assessing the implications of China's growing presence in the Western Hemisphere / Riordan Roett and Guadalupe Paz -- The Chinese foreign policy perspective / Jiang Shixue -- An alternative Chinese view / Xiang Lanxin -- A view from Latin America / Juan Gabriel Tokatlian -- A South-South perspective / Monica Hirst -- China's economic rise / Robert Devlin -- Latin America in the economic equation - winners and losers : what can losers do? / Francisco E. Gonzalez -- Latin America as China's energy supplier / Luisa Palacios -- China's growing influence in Southeast Asia / Joshua Kurlantzick -- China's new engagement with Africa / Chris Alden -- The U.S.-China-Latin America triangle : implications for the future / Barbara Stallings. 
520 |a "Analyzes the history and motivations of U.S.-China-Latin America relationship. Focuses on China's growing economic ties to the region, including Latin America's role in China's search for energy resources. Highlights the geopolitical implications of Chinese hemispheric policy and sets recent developments in the context of China's role in the developing world"--Provided by publisher. 
533 |a Electronic reproduction. Ann Arbor, MI : ProQuest, 2015. Available via World Wide Web. Access may be limited to ProQuest affiliated libraries. 
651 0 |a China  |x Foreign economic relations  |z United States. 
651 0 |a United States  |x Foreign economic relations  |z China. 
651 0 |a China  |x Foreign economic relations  |z Latin America. 
651 0 |a Latin America  |x Foreign economic relations  |z China. 
651 0 |a China  |x Commerce. 
655 4 |a Electronic books. 
700 1 |a Roett, Riordan,  |d 1938- 
700 1 |a Paz, Guadalupe,  |d 1970- 
710 2 |a ProQuest (Firm) 
856 4 0 |u https://ebookcentral.proquest.com/lib/matrademy/detail.action?docID=1069046  |z Click to View